| 000 | 02060nam a22002417a 4500 | ||
|---|---|---|---|
| 999 |
_c59455 _d59455 |
||
| 003 | Ge_BSU | ||
| 005 | 20230221120613.0 | ||
| 008 | 230221s2022ge xxu||||| |||| 00| 0 geo d | ||
| 041 | _ageo | ||
| 080 | _a82 მ-89 | ||
| 100 |
_aმჟავანაძე, მარინე _916996 |
||
| 245 |
_a,,ვეფხისტყაოსნის" რუსული თარგმანების კორპუსლინგვისტური და კრიტიკული ანალიზი : _bდისერტაცია : წარმოდგენილია ფილოლოგიის აკადემიური ხარისხის მოსაპოვებლად / _cმარინე მჟავანაძე, სამეცნ.ხელმძღ : რამაზ ხალვაში, მანანა თანდაშვილი. |
||
| 264 |
_aბათუმი : _bბათუმის შოთა რუსთაველის სახელმწიფო უნივერსიტეტი, _c2022. |
||
| 300 |
_a198 გვ.: _bცხრ; _c29 სმ. |
||
| 653 | _a,,ვეფხისტყაოსნის" რუსული თარგმანების კორპუსლინგვისტური და კრიტიკული ანალიზი | ||
| 653 | _aდისერტაცია | ||
| 700 |
_aხალვაში, რამაზ _eმეცნიერ ხელმძღვანელი _92151 |
||
| 700 |
_aთანდაშვილი, მანანა _eმეცნიერ ხელმძღვანელი _92139 |
||
| 710 |
_aბათუმის შოთა რუსთაველის სახელმწიფო უნივერსიტეტი _911973 |
||
| 710 |
_aჰუმანიტარულ მეცნიერებათა ფაკულტეტი _916997 |
||
| 710 |
_aქართული ფილოლოგიის დეპარტამენტი _916998 |
||
| 942 |
_2udc _cDS |
||